000 00797 a2200205 4500
020 _a0072230932
040 _aDLC
_bDLC
082 0 0 _a005.8
100 1 _aMaiwald, Eric.
245 1 0 _aFundamentals of network security
_cEric Maiwald.
260 _aNew York :
_bMcGraw-Hill Technology Education,
_cc2004.
300 _axxvi, 645 p. :
_bill. ;
_c24 cm.
440 0 _aInformation security series
500 _aIncludes index.
650 0 _aComputer networks
_xSecurity measures.
856 4 2 _3Publisher description
_uhttp://www.loc.gov/catdir/description/mh051/2004272654.html
856 4 2 _3Contributor biographical information
_uhttp://www.loc.gov/catdir/bios/mh051/2004272654.html
856 4 2 _3Table of contents
_uhttp://www.loc.gov/catdir/toc/mh041/2004272654.html
942 _cBK
_k005.8 MAI
_2ddc
999 _c9655
_d9655